A manual for authors of mathematical papers.

Bibliographic Details
Corporate Author: American Mathematical Society
Format: Book
Language:English
Published: Providence, R. I. : American Mathematical Society, 1980
Edition:7th ed.
Subjects:

MARC

Tag First Indicator Second Indicator Subfields
LEADER 00000cam a2200000 a 4500
001 in00000051041
005 20151007080133.0
008 801017c1980 riu 00 00 eng d
020 |a 0821800221 
035 |a (OCoLC)06835328 
035 |9 AAF4307AM 
040 |a CAS  |c CAS  |d m.c.  |d TXA  |d UtOrBLW 
049 |a TXAM  |c [802385] 
090 |a QA42  |b  M37 1980 
245 0 2 |a A manual for authors of mathematical papers. 
250 |a 7th ed. 
264 1 |a Providence, R. I. :  |b American Mathematical Society,  |c 1980 
264 4 |c ©1962 
300 |a 20 pages ;  |c 23 cm. 
336 |a text  |b txt  |2 rdacontent 
337 |a unmediated  |b n  |2 rdamedia 
338 |a volume  |b nc  |2 rdacarrier 
500 |a Cover title. 
500 |a "Original edition was published in the Bulletin of the American Mathematical Society, volume 68, number 5, September 1962." 
650 0 |a Mathematics  |x Authorship. 
650 0 |a Technical writing. 
650 0 |a Authorship  |v Handbooks, manuals, etc. 
710 2 |a American Mathematical Society. 
999 |a MARS 
999 f f |s e4f22a6d-8639-327b-a808-2e87e0a9c0cb  |i 1dfd9326-2e8c-3307-aeec-b0397a1ce80e  |t 0 
952 f f |p ric  |a Texas A&M University  |b Rellis Campus  |c Joint Library Facility  |d Remote Storage  |t 0  |e QA42 M37 1980  |h Library of Congress classification  |i unmediated -- volume  |m A14805923535 
998 f f |a QA42 M37 1980  |t 0  |l Remote Storage